00000000nam##2200000za#4500
0019.680618
003CaOODSP
00520200330064418
007ta
008150407|1997||||xxc|||||     f|0| 0 fre|d
020 |a0-662-83401-1
040 |aCaOODSP|bfre
043 |an-cn---
0861 |aD82-45/1997F
1101 |aCanada.|bProtection civile Canada.
24510|aLignes directrices sur la diversité culturelle et la gestion des catastrophes : |brapport final, décembre 1997 / |cpar Gabriela Y. Solis, Henry C. Hightower et June Kawagucchi. Préparé par le Disaster Preparedness Resources Centre, University of British Columbia.
260 |bProtection civile Canada |c1997.
300 |a56p. en pagination multiple.|bréférences
500 |a«Ce document de discussion suggère des moyens: de sensibiliser les planificateurs de mesures d'urgence et les intervenants aux différences culturelles dans le contexte de la gestion des catastrophes; d'encourager les planificateurs de mesures d'urgence à tenir compte de cette question dans leurs programmes de protection civile; de surmonter les obstacles culturels et linguistiques avant et après une catastrophe. Les personnes et les groupes qui s'occupent de protection civile et d'intervention en cas d'urgence trouveront des applications très larges à ce document; il s'agit toutefois de lignes directrices préliminaires qui n'emporteront pas nécessairement l'adhésion de tous les organismes concernés.»--Introduction. Produit dans le cadre de la participation canadienne à la Décennie internationale de la prévention des catastrophes naturelles. Données de catalogage avant publication (Canada) imprimées dans cette publication.
5203 |aCe document de discussion suggère des moyens: de sensibiliser les planificateurs de mesures d'urgence et les intervenants aux différences culturelles dans le contexte de la gestion des catastrophes; d'encourager les planificateurs de mesures d'urgence à tenir compte de cette question dans leurs programmes de protection civile; de surmonter les obstacles culturels et linguistiques avant et après une catastrophe. Les personnes et les groupes qui s'occupent de protection civile et d'intervention en cas d'urgence trouveront des applications très larges à ce document; il s'agit toutefois de lignes directrices préliminaires qui n'emporteront pas nécessairement l'adhésion de tous les organismes concernés.--Introduction
563 |aPolycopié
590 |a99-05|b1999-02-05
7201 |aSolis, Gabriela Y.
7201 |aHightower, Henry C.
7201 |aKawagucchi, June
77508|tGuidelines on cultural diversity and disaster management : |w(CaOODSP)9.647212
7760#|tLignes directrices sur la diversité culturelle et la gestion des catastrophes / |w(CaOODSP)9.639788